000 00265nam a2200109Ia 4500
008 190216s9999||||xx |||||||||||||| ||und||
100 _aTrifonov D N&Amp;Trifonov
245 0 _aSilhouettes Of Chemistry
260 _bMir Publishers
650 _aChemistry
942 _cBK
999 _c2757
_d2757